La ideología norteamericana sobre inversiones extranjeras /
Na minha lista:
| Autor principal: | |
|---|---|
| Formato: | Desconhecido |
| Idioma: | Spanish |
| Publicado em: |
México, D.F. :
Escuela Nacional de Economía, Instituto de Investigaciones Económicas - UNAM,
1955.
|
| Assuntos: | |
| Tags: |
Adicionar Tag
Sem tags, seja o primeiro a adicionar uma tag!
|
MARC
| LEADER | 000000000a22000000004500 | ||
|---|---|---|---|
| 001 | 002112 | ||
| 041 | 0 | |a spa | |
| 082 | 0 | 4 | |a 332.673 |b G643id |
| 100 | 1 | |a González Casanova, Pablo, |d 1922- | |
| 245 | 1 | 3 | |a La ideología norteamericana sobre inversiones extranjeras / |c Pablo González Casanova. |
| 260 | 1 | |a México, D.F. : |b Escuela Nacional de Economía, Instituto de Investigaciones Económicas - UNAM, |c 1955. | |
| 300 | |a 189 páginas | ||
| 500 | |a "Universidad Nacional Autonóma de México, Dirección General de Publicaciones" | ||
| 650 | 4 | |a INVERSIONES EXTRANJERAS | |
| 999 | |c 8705 |d 8705 | ||
| 942 | |c BK |h 332.673 G643id |2 z | ||
